000 00717nam a2200217 a 4500
001 BRCA_4136
005 20190320204545.0
008 140410s1933----fr-#######---#000-0#fre-#
041 _afre
044 _afr
050 4 _aF1234
_b.R47 1933
245 1 0 _aLa réparation des Dommages causés aux Étrangers par des Mouvements Révolutionnaires
_bJurisprudence de la Commission Franco-Mexicaine des Réclamations (1924-1932).
260 _aParis
_bA. Pedone
_c1933
300 _axv, 228 p.
_c25 cm.
500 _aIncluye tabla de materias y anexos
500 _aC165
650 1 4 _aRelaciones internacionales
_910676
651 4 _aMéxico
_xHistoria
_yRevolución, 1910-1917
_910677
902 _aGFM
942 _2lcc
_cB
999 _c3852
_d3852